00814nam a22002417a 450000500170000001000130001702000110003003500130004103700160005404000120007008200130008210000250009524500900012026000420021027000600025230000210031265000290033365000300036270000100039294200220040299900190042495201290044320170124110231.0 aA-936402 c300.00 aA-936402 bCen Lib/Ret aDPLbEN a921bJAI aJai, Janak Raj95661 aRise and fall of Deve gowda :cby Janak Raj Jaiband the constitutional breakdown / aNew DelhibRegency Publicationsc1997 a20/36-G, Old Market West Patel NagarbNew Delhie110008 a157p. c21cm(Hb) aPolitical Science941289 aPresidents zIndia928219 932298 2ddccENh954mJAI c134643d134643 001040718REFaLbLd2015-07-30eCen Lib/Retg300.00l0o921 JAIpA-936402r2015-07-30 00:00:00t1v300.00w2015-07-30yEN